000 nam a22 7a 4500
999 _c9232
_d9232
008 180124b ||||| |||| 00| 0 eng d
100 _aSingh J P
_95490
245 _aMathematics Lab Manual - IX
260 _aNew Delhi
_bConvent Publication
_c2007